[Event "Adelaide Interclub-B"]
[Site "Adelaide"]
[Date "2010.05.25"]
[Round "4.1"]
[White "Wilson, James E"]
[Black "Maric, Milan"]
[Result "0-1"]
[WhiteElo "1394"]
[BlackElo "1421"]
[PlyCount "123"]
[EventDate "2010.05.04"]
[EventType "team-tourn"]
[EventRounds "9"]
[EventCountry "AUS"]
[SourceTitle "EXT 2023"]
[Source "ChessBase"]
[SourceDate "2022.10.05"]
[SourceVersion "1"]
[SourceVersionDate "2022.10.05"]
[SourceQuality "1"]

1. e4 e5 2. Nf3 Nc6 3. Be2 Nf6 4. Nc3 g6 5. d3 Bg7 6. Bg5 d6 7. h3 Be6 8. 0-0 Qd7 9. Nh2 Nd4 10. f4 Nxe2+ 11. Qxe2 Nh5 12. Qe3 h6 13. Bh4 exf4 14. Rxf4 Nxf4 15. Qxf4 g5 16. Bxg5 hxg5 17. Qxg5 Bd4+ 18. Kh1 Qe7 19. Qxe7+ Kxe7 20. Nf3 Bb6 21. a3 Rag8 22. Nd5+ Bxd5 23. exd5 Kd7 24. b4 Re8 25. c4 a6 26. d4 c5 27. dxc6+ bxc6 28. c5 Bc7 29. a4 Rb8 30. Rb1 Ba5 31. cxd6 Kxd6 32. Ne5 Kd5 33. Rc1 Bxb4 34. Nxc6 Rb7 35. Kg1 a5 36. Kf2 Rh6 37. Ne5 Kxd4 38. Nf3+ Kd5 39. h4 Bc5+ 40. Kg3 Rg6+ 41. Kh3 f6 42. Rd1+ Ke4 43. Re1+ Kf4 44. Rf1 Ke3 45. Rc1 Bd6 46. Rc3+ Ke4 47. Rc4+ Kd5 48. Rd4+ Kc5 49. Rg4 Rbg7 50. Rxg6 Rxg6 51. g4 Kb4 52. Nd4 Kxa4 53. h5 Rg8 54. h6 Be5 55. Nf5 Rh8 56. Kh4 Bf4 57. Kh5 Kb3 58. Kg6 Rg8+ 59. Kf7 Bxh6 60. Kxg8 Bg5 61. Nd6 a4 62. Ne4 0-1